| 000 | 00497nam a2200205Ia 4500 | ||
|---|---|---|---|
| 005 | 20240823051526.0 | ||
| 008 | 240823s9999||||xx |||||||||||||| ||und|| | ||
| 020 | _a978-81-317-2800-0 | ||
| 041 | _aENGLISH | ||
| 082 | _A907.2 | ||
| 100 | _aGeorg G Iggers | ||
| 245 | 0 | _aGlobal History of Modern Historiography | |
| 250 | _a1st | ||
| 260 | _bPearson Education Internat | ||
| 500 | _aYES | ||
| 650 |
_aHistoriography _bGeneral |
||
| 700 | _a Edward Wang | ||
| 942 | _cBK | ||
| 999 |
_c219783 _d219783 |
||